Tych, Feliks, 1929-2015. Długi cień zagłady. - Warszawa : Żydowski Inst. Historyczny. - 1999 [Rezension]
| Titel: | Tych, Feliks, 1929-2015. Długi cień zagłady. - Warszawa : Żydowski Inst. Historyczny. - 1999 [Rezension] |
|---|---|
| Verfasser: | |
| In: |
Aschkenas, Band 10, Heft 2 (2000), Seite 570-571 alle Artikel anzeigen |
| Veröffentlicht: | 2000 |
| Format: | Aufsatz |
| Sprache: | Deutsch |
X
alg: 39501531 001A $01999:12-11-16 001B $01999:04-08-21 $t21:02:10.000 001C $06050:25-01-17 $t16:10:44.000 001D $01999:12-11-16 001U $0utf8 001X $00 002@ $0Aox 003@ $0395015316 007A $0395015316 $aHEB 007T $0Herd32664 010@ $ager 011@ $a2000 021A $aTych, Feliks, 1929-2015. Długi cień zagłady. - Warszawa : Żydowski Inst. Historyczny. - 1999 [Rezension] 028A $aPollmann $dViktoria 031A $d10 $e2 $h570-571 $j2000 039B $aIn $8--Abvc--. Aschkenas. - Berlin : de Gruyter, 1991-. - ISSN 1016-4987 $x200000000100002430 $9048578002 039T $8--Aay--Tych, Feliks$Z1929-2015 [Tp1]. Długi cień zagłady. - Warszawa : Żydowski Inst. Historyczny, 1999. - 166 S.. - ISBN 83-85888-11-X $9091844479 045F $a900.9438 $eDDC23BSB 045F/01 $a900 045F/03 $g438 045T $a7,7 $a1 $a0 045T $aJUDAICA $qDE-30 $2FID lok: 39501531 78 exp: 39501531 78 1 #EPN 201B/01 $018-11-16 $t13:29:26.000 201U/01 $0utf8 203@/01 $0791313921 208@/01 $a12-11-16 $be 209A/01 $a/ $f000 $x00 220C/01 $aTitelaufnehmer: ks 244Z/01 $2Trx $#Poola $#Lenkija $#Polija $#Polen Land $#Poland $#Lengyelország $#Poľsko $#Polsko $8--Trx--Polska$gkraj $x01 $9391345966 244Z/01 $2Trx $#arvustused $#recenzijos $#Reviews $#recenziók $#recenzje $#recenzie $#recenze $8--Trx--Rezensionen $x02 $9391357441 247C/01 $82080>Marburg/Lahn, Herder-Institut, Forschungsbibliothek, Bibliographieportal $9336309341
| LEADER | 00000caa a22000002c 4500 | ||
|---|---|---|---|
| 001 | 395015316 | ||
| 003 | DE-603 | ||
| 005 | 20210804210210.0 | ||
| 007 | tu | ||
| 008 | 161112s2000 xx |||| | u00||u|ger c | ||
| 035 | |a (DE-599)HEB395015316 | ||
| 040 | |a DE-603 |b ger |c DE-603 |d DE-603 | ||
| 041 | |a ger | ||
| 082 | 0 | 4 | |8 1\u |a 900.9438 |q DE-101 |2 23/BSB |
| 084 | |a 7,7 |a 1 |a 0 |2 ssgn | ||
| 084 | |a JUDAICA |q DE-30 |2 fid | ||
| 085 | |8 1\u |b 900 | ||
| 085 | |8 1\u |z 2 |s 438 | ||
| 100 | 1 | |a Pollmann, Viktoria | |
| 245 | 0 | 0 | |a Tych, Feliks, 1929-2015. Długi cień zagłady. - Warszawa : Żydowski Inst. Historyczny. - 1999 [Rezension] |
| 264 | 0 | |c 2000 | |
| 773 | 0 | 8 | |i In |t Aschkenas |d Berlin : de Gruyter, 1991- |h 23 cm |x 1016-4987 |g Band 10, Heft 2 (2000), Seite 570-571 |w (DE-603)048578002 |w (DE-600)1070325-1 |
| 787 | 0 | 8 | |i Rezension von |a Tych, Feliks, 1929-2015 |t Długi cień zagłady |d Warszawa : Żydowski Inst. Historyczny, 1999 |h 166 S. |z 838588811X |w (DE-603)091844479 |
| 924 | 0 | |9 2080 |a (DE-603)791313921 |b DE-2080 |c HES |d d |g / | |


